Statistics for Celtics Leading Scorers All Time

Click here to take the quiz!

General Stats

  • This quiz has been taken 10 times
  • The average score is 9 of 15

Answer Stats

HintAnswer% Correct
26,395John Havlicek
100%
17,335Kevin McHale
100%
21,791Larry Bird
100%
24,021Paul Pierce
100%
18,245Robert Parish
100%
16,955Bob Cousy
63%
8,842Jayson Tatum
63%
15,411Sam Jones
63%
13,192Dave Cowens
50%
13,188Jo Jo White
50%
12,194Tom Heinsohn
38%
14,522Bill Russel
25%
12,287Bill Sharman
25%
11,386Antoine Walker
13%
9,968Don Nelson
0%

Score Distribution

Percentile by Number Answered

Percent of People with Each Score

Your Score History

You have not taken this quiz